000 01178nms a2200337 a 4500
999 _c10150
_d10150
001 10150
003 BD-JhCC
005 20180418185021.0
008 180418s1973 U u eng d
035 _aMITb10827212
035 _a(BD-JhCC)10150
040 _aBD-JhCC
_cMYG
_dBD-JhCC
041 _aeng
050 1 4 _aKF3975.Z95
_bI58a
082 _a344.730537
_bUNI 1973
090 _aKF3975
_b.I58a
110 2 _aInternational Fire Code Institute.
240 1 0 _aUniform fire code /
245 1 0 _aUniform fire code /
_cIFIC ... [et al.].
260 _aCalifornia :
_bInternational Conference of Building Officials :
_bWestern Fire Chiefs Association,
_c1973
300 _a293 p. ;
_c21 cm.
_bill. ;
500 _aDescription based on: 10th ed. (1997); title from disc label.
516 _aData storage in ISO 9660 format.
650 0 _aFire prevention
_xLaw and legislation
_zUnited States.
710 2 _aInternational Conference of Building Officials.
710 2 _aWestern Fire Chiefs Association.
776 1 _aInternational Fire Code Institute.
_tUniform fire code
_w(DLC) 97647586
_w(OCoLC)30445179
942 _2ddc
_cBK